Vista normal
Vista MARC
Entrada Corporate Name
Número de registros utilizados en: 1
001 - CONTROL NUMBER
- control field: 38838
003 - CONTROL NUMBER IDENTIFIER
- control field: OSt
005 - DATE AND TIME OF LATEST TRANSACTION
- control field: 20210728141822.0
008 - FIXED-LENGTH DATA ELEMENTS
- fixed length control field: 210728|| aca||aabn | a|a d
040 ## - CATALOGING SOURCE
- Original cataloging agency: OSt
- Transcribing agency: OSt
110 ## - HEADING--CORPORATE NAME
- Corporate name or jurisdiction name as entry element: Cámara de Representantes
670 ## - SOURCE DATA FOUND
- Source citation: Work cat.: (OSt)12020: Cámara de Representantes , La institución bancaria colombiana / , 1944.